000 00343 a2200157 4500
001 186087
020 _a0-19-423011-2
040 _cMagnum
100 _aNevile, Jill
240 1 0 _aThe picture of Dorian Gray
_lING
245 1 0 _aThe picture of Dorian Gray
300 _a72
362 0 _a2000
697 _aLITERATURA INGLESA
942 _cBK
999 _c186087
_d186087